| Tag |
First Indicator |
Second Indicator |
Subfields |
| LEADER |
00000nam a22000001i 4500 |
| 001 |
in00004594721 |
| 003 |
OCoLC |
| 005 |
20220704150443.8 |
| 006 |
m |o d | |
| 007 |
cr |n||||||||| |
| 008 |
220704s2022 txu ob 001 0 eng d |
| 024 |
8 |
|
|a 99991544395
|
| 035 |
|
|
|a (OCoLC)1334332888
|
| 040 |
|
|
|a NhCcYBP
|b eng
|e rda
|e pn
|c NhCcYBP
|
| 020 |
|
|
|a 9781477326060 (electronic bk.)
|
| 020 |
|
|
|a 1477326065 (electronic bk.)
|
| 020 |
|
|
|z 9781477326046
|
| 020 |
|
|
|z 1477326049
|
| 020 |
|
|
|z 9781477326053
|
| 020 |
|
|
|z 1477326057
|
| 043 |
|
|
|a n-mx---
|a n-us---
|
| 050 |
|
4 |
|a JV7409.O39
|b S35 2022
|
| 082 |
0 |
4 |
|a 304.80972/74
|2 23/eng/20220518
|
| 100 |
1 |
|
|a Sandoval-Cervantes, Iván,
|e author.
|
| 245 |
1 |
0 |
|a Oaxaca in motion :
|b an ethnography of internal, transnational, and return migration /
|c Iván Sandoval-Cervantes.
|
| 250 |
|
|
|a First edition.
|
| 264 |
|
1 |
|a Austin :
|b University of Texas Press,
|c 2022.
|
| 300 |
|
|
|a 1 online resource (pages cm.) :
|
| 336 |
|
|
|a text
|b txt
|2 rdacontent
|
| 337 |
|
|
|a computer
|b c
|2 rdamedia
|
| 338 |
|
|
|a online resource
|b cr
|2 rdacarrier
|
| 504 |
|
|
|a Includes bibliographical references and index.
|
| 588 |
|
|
|a Description based on print version record.
|
| 650 |
|
0 |
|a Migration, Internal
|x Social aspects
|z Mexico
|z Oaxaca (State)
|
| 650 |
|
0 |
|a Return migration
|x Social aspects
|z Mexico
|z Oaxaca (State)
|
| 650 |
|
0 |
|a Zapotec women
|z Mexico
|z Mexico City
|x Social life and customs.
|
| 650 |
|
0 |
|a Zapotec Indians
|z United States
|x Social life and customs.
|
| 650 |
|
0 |
|a Internal migrants
|z Mexico
|x Social life and customs.
|
| 650 |
|
0 |
|a Sex role.
|
| 650 |
|
0 |
|a Zapotec Indians
|x Kinship.
|
| 650 |
|
0 |
|a Zapotec Indians
|x Family relationships.
|
| 651 |
|
0 |
|a Oaxaca (Mexico : State)
|x Emigration and immigration
|x Social aspects.
|
| 655 |
|
7 |
|a Electronic books.
|2 local
|
| 710 |
2 |
|
|a EBSCOhost
|
| 776 |
1 |
8 |
|c Original
|z 9781477326046
|z 1477326049
|z 9781477326053
|z 1477326057
|w (DLC) 2022002155
|w (OCoLC)1302184875
|
| 856 |
4 |
0 |
|u http://proxy.library.tamu.edu/login?url=https://search.ebscohost.com/login.aspx?direct=true&scope=site&db=nlebk&db=nlabk&AN=3300896
|z Connect to the full text of this electronic book
|t 0
|
| 945 |
|
|
|b 423954
|
| 955 |
|
|
|a YBP purchased EBSCO DDA e-records
|
| 980 |
|
|
|b ebook
|c 99991544395
|f NONFIC/B
|g 565702
|k USD
|m 79.20
|q 1
|s AcqMono Conventional
|t Demand driven acquisitions (DDA)
|u Vendor order reference number
|v ZYBP
|y PDA
|z Electronic resource
|
| 999 |
f |
f |
|i c89b8147-9417-430d-aed2-2a728425840b
|s 6c60c7ce-9888-43f4-a286-6d3c494a7034
|t 0
|
| 952 |
f |
f |
|a Texas A&M University
|b College Station
|c Electronic Resources
|s www_evans
|d Available Online
|t 0
|e JV7409.O39 S35 2022
|h Library of Congress classification
|